Нормален изглед
MARC изглед
- Благоев, Димитър
Вход 01. Лично име
001 - Контролен номер на записа
- Контролно поле: 377352
003 - Код на организацията, даваща контролен номер
- Контролно поле: BLK
005 - Дата и час на последна промяна на записа
- Контролно поле: 20240321124850.0
008 - Данни с фиксирана дължина – обща информация
- Данни с фиксирана дължина : 180422|| aca||aabn | a|a d
100 ## - ИМЕ НА ЛИЦЕ -ПЪРВИЧНА ИНТЕЛЕКТУАЛНА ОТГОВОРНОСТ
- Лично име: Благоев, Димитър
- Друга информация: Дядото
- Дати, свързани с автора: 1856 - 1924
- Пълна форма на името: Николов, Димитър Благоев
942 ## - Системна служебна употреба
- Koha auth type: PERSO_NAME